| 000 | 00809cam a2200265 a 4500 | ||
|---|---|---|---|
| 001 | 13375874 | ||
| 005 | 20180313075504.0 | ||
| 008 | 031016s2002 enka b 001 0 eng d | ||
| 010 | _a 2003279360 | ||
| 015 | _aGBA2-W4575 | ||
| 020 | _a0749438649 | ||
| 035 | _a(OCoLC)ocm50100979 | ||
| 040 |
_aUKM _cUKM _dOCLCQ _dDLC |
||
| 041 | _aeng | ||
| 042 | _alccopycat | ||
| 080 | _a658.82 CUM | ||
| 082 | 0 | 4 |
_a658.82 CUM _221 |
| 100 | 1 | _a60 | |
| 101 | _aMAR | ||
| 245 | 1 | 0 |
_aSales promotion : _cJulian Cummins & Roddy Mullin. |
| 504 | _aIncludes bibliographical references (p. 247-248) and index. | ||
| 906 |
_a7 _bcbc _ccopycat _d2 _encip _f20 _gy-gencatlg |
||
| 942 |
_2ddc _cBK |
||
| 999 |
_c44884 _d44884 |
||